Catálogo

Genética agrícola / (Registro nro. 565)

Detalles MARC
000 -LEADER
fixed length control field 01080cam a2200301 i 4500
001 - CONTROL NUMBER
control field 565
003 - CONTROL NUMBER IDENTIFIER
control field Mx-PuUPA
005 - DATE AND TIME OF LATEST TRANSACTION
control field 20240410103428.0
008 - FIXED-LENGTH DATA ELEMENTS--GENERAL INFORMATION
fixed length control field 140415s1967 mx a gr 001 0 spa d
040 ## - CATALOGING SOURCE
Original cataloging agency MX-PuUPA
Language of cataloging spa
Description conventions rda
Transcribing agency Mx-PuUPA
Modifying agency Mx-PuUPA
041 1# - LANGUAGE CODE
Language code of text/sound track or separate title spa
Language code of original eng
100 10 - MAIN ENTRY--PERSONAL NAME
Personal name Brewbaker, James L.,
Relator term autor
9 (RLIN) 6994
240 10 - UNIFORM TITLE
Uniform title Agricultural genetics.
Language of a work Español
245 10 - TITLE STATEMENT
Title Genética agrícola /
Statement of responsibility, etc. James L. Brewbaker ; traducción Humberto Sauza.
250 ## - EDITION STATEMENT
Edition statement Primera edición
264 #1 - PRODUCTION, PUBLICATION, DISTRIBUTION, MANUFACTURE, AND COPYRIGHT NOTICE
Place of production, publication, distribution, manufacture México, D.F. :
Name of producer, publisher, distributor, manufacturer Unión Tipográfica Editorial Hispano-Americana,
Date of production, publication, distribution, manufacture, or copyright notice 1967
300 ## - PHYSICAL DESCRIPTION
Extent 261 páginas :
Other physical details ilustraciones ;
Dimensions 18 cm.
336 ## - CONTENT TYPE
Content type term texto
Fuente rdacontent
Content type code txt
337 ## - MEDIA TYPE
Media type term sin medio
Source rdamedia
Media type code n
338 ## - CARRIER TYPE
Carrier type term volumen
Source rdacarrier
Carrier type code nc
490 0# - SERIES STATEMENT
Series statement Manuales UTEHA ; Sección 4 Ciencias Naturales ;
Volume/sequential designation 303
650 #4 - SUBJECT ADDED ENTRY--TOPICAL TERM
Topical term or geographic name entry element Mutación (Biología)
650 #4 - SUBJECT ADDED ENTRY--TOPICAL TERM
Topical term or geographic name entry element Variación (Biología)
700 1# - ADDED ENTRY--PERSONAL NAME
Personal name Sauza, Humberto,
Relator term traductor
765 08 - ORIGINAL LANGUAGE ENTRY
Main entry heading Brewbaker, James L.,
Title Agricultural genetics.
942 ## - ADDED ENTRY ELEMENTS (KOHA)
Source of classification or shelving scheme Dewey Decimal Classification
Koha item type Libro
Classification part 574.166
Item part B828
Existencias
Withdrawn status Lost status Source of classification or shelving scheme Damaged status Not for loan Collection code Home library Current library Shelving location Date acquired Source of acquisition Total Checkouts Full call number Barcode Date last seen Price effective from Koha item type
    Dewey Decimal Classification     General Biblioteca Karol Wojtyla Biblioteca Karol Wojtyla Sala general 03/12/2013 Compra   574.166 B828 1967 10728 05/01/2026 19/04/2018 Libro